00548 2200205 4500001002100000005001700021006001900038008004100057020002200098035002500120041000700145082001200152090001800164100001500182245003900197260004700236300002400283700002700307990000800334INLIS00000000000053320140218112526.0a ||| | 180719| ||| | id  a978-979-3925-86-8 a0010-031300000000533 aid0 a297.633 a297.633 HUD i0 aNurul Huda00aInvestasi Pada Pasar Modal Syariah aJakartabkencana prenada media groupc2008 axiv, 252 hal, 21 cm0 aMustafa Edwin Nasution a313